Đang tải...
Cell structure and function
| Tác giả chính: | |
|---|---|
| Tác giả khác: | |
| Định dạng: | Printed Book |
| Ngôn ngữ: | Undetermined English |
| Được phát hành: |
New Delhi
Oxford I B H publishing company
1978
|
| Phiên bản: | 2 |
| Những chủ đề: |
| LEADER | 00657nam a2200217Ia 4500 | ||
|---|---|---|---|
| 008 | 140306s9999 xx 000 0 und d | ||
| 041 | |a eng | ||
| 082 | |a 574 .8 |b LOE/CE | ||
| 100 | |a Loewy, A G | ||
| 700 | |a Sickevitz, P | ||
| 245 | |a Cell structure and function | ||
| 250 | |a 2 | ||
| 260 | |a New Delhi |b Oxford I B H publishing company |c 1978 | ||
| 300 | |a 516 | ||
| 365 | |b Rs .172 .00 | ||
| 650 | |a Cell biology | ||
| 650 | |a cytology | ||
| 650 | |a histology | ||
| 942 | |2 ddc |c BK | ||
| 999 | |c 108597 |d 108597 | ||
| 952 | |0 0 |1 0 |2 ddc |4 0 |6 574__800000000000000_LOECE |7 0 |9 105957 |a KAUHCV |b KAUHCV |d 2004-03-22 |g 172.00 |o 574 .8 LOE/CE |p KAU_HCV-5190 |r 2014-03-22 |w 2014-03-22 |y BK | ||